Deutsche Stadtteile und Vororte A bis Z - Statistiken

Allgemein
  • Dieses Quiz wurde 75 mal gespielt
  • Das Durchschnittsergebnis liegt bei 10 aus 22
Antwortstatistiken
Buchstabe Stadt Hinweis Antwort % Korrekt
A Hamburg bis 1937 die größte Stadt Schleswig-Holsteins Altona
89%
B Potsdam Medienstadt mit Filmstudios Babelsberg
85%
P Berlin Bolle reiste jüngst zu Pfingsten, mit dem Sonderzug Pankow
82%
W Mannheim bekannt durch den Fußballclub Waldhof
72%
F Wolfsburg der Textdichter der deutschen Nationalhymne heißt wie der Ort Fallersleben
68%
I Passau benannt nach einem der drei Flüsse, die hier zusammenfließen Innstadt
66%
U Krefeld KFC (ehemals Bayer 05), Waggonfabrik und Dujardin Uerdingen
62%
T Lübeck Ostseebad Travemünde
58%
K Köln die Serie "Hausmeister Krause" spielt hier Kalk
54%
Z Stuttgart Hauptsitz von Porsche Zuffenhausen
52%
G München Franz Beckenbauer wuchs hier auf Giesing
48%
S Frankfurt am Main Museumsufer und Apfelwein-Kneipen Sachsenhausen
44%
R Mönchengladbach einziger deutscher Stadtteil mit einem zweiten Hauptbahnhof Rheydt
42%
C Leipzig (linkes) Szene-Viertel Connewitz
37%
L Mainz Sitz des ZDF Lerchenberg
37%
E Wuppertal neben Barmen eine der ehemaligen Großstädte des heutigen Wuppertal Elberfeld
35%
O Düsseldorf linksrheinischer Vorort am Rheinknie Oberkassel
32%
H Dortmund schlanke Mathilde und Phoenixsee Hörde
23%
N Koblenz die TuS war in den ersten Nachkriegsjahren einer der besten Fußballclubs Deutschlands Neuendorf
14%
V Bremen gehört zu den wenigen Ortsnamen, die im Deutschen mit Artikel (die) benutzt werden Vahr
14%
D Hannover Leine-Insel und Wolle-Widder Döhren-Wülfel
11%
M Dresden Elbepark und Ballhaus Watzke Mickten
8%
Keine übereinstimmenden Quizze gefunden
Verteilung der Resultate
Anzahl Personen mit jedem Resultat
Perzentil nach korrekt beantworteten Fragen
Ihre Resultats-Entwicklung
Sie haben dieses Quiz noch nicht gespielt